000 00629cab a2200205 4500
001 WB2610-07
008 090401t1990 xxu||||| |||| 00| 0 eng d
035 _a(Sirsi) u3344
041 _aeng
245 _aProperty database for London
260 _c1990
350 _a0
490 _aBuilding
_vDesign no 975, 2/3/90 p7
520 _aThe London boroughs and the DOE have commissioned the London Research Centre to develop a property database covering every scheme of more than 1,000 sq m.
650 _aCOMMERCIAL
650 _aDEVELOPMENT
690 _aPROPERTY-COMMERCIAL PROPERTY
942 _n0
948 _c04/03/1997
999 _c2050
_d2050